|
|
|
|
| LEADER |
00000naa2a2200000 4500 |
| 001 |
267580 |
| 005 |
20231031223805.0 |
| 035 |
|
|
|a (RuTPU)RU\TPU\book\290637
|
| 035 |
|
|
|a RU\TPU\book\290623
|
| 090 |
|
|
|a 267580
|
| 100 |
|
|
|a 20140731d2014 k y0rusy50 ca
|
| 101 |
0 |
|
|a rus
|
| 102 |
|
|
|a RU
|
| 200 |
1 |
|
|a Перспективы внедрения ресурсо- и энергосберегающих технологий в г. Бендеры
|f В. В. Кизима
|
| 320 |
|
|
|a Библиогр.: с. 133 (4 назв.)
|
| 463 |
|
0 |
|0 (RuTPU)RU\TPU\book\283103
|t Ч.2
|v с. 131-133
|d 2014
|p 244 с.
|
| 700 |
|
1 |
|a Кизима
|b В. В.
|
| 801 |
|
1 |
|a RU
|b 63413507
|c 20140731
|
| 801 |
|
2 |
|a RU
|b 63413507
|c 20140731
|g RCR
|
| 942 |
|
|
|c BK
|